<?xml version="1.0" encoding="UTF-8"?>
<collection xmlns="http://www.loc.gov/MARC21/slim">
  <record>
    <leader>00000nam  2200000   4500</leader>
    <controlfield tag="001">INLIS000000000002422</controlfield>
    <controlfield tag="005">20240823091452</controlfield>
    <datafield tag="035" ind1="#" ind2="#">
      <subfield code="a">0010-0824000046</subfield>
    </datafield>
    <controlfield tag="007">ta</controlfield>
    <controlfield tag="008">240823###########################0#ind##</controlfield>
    <datafield tag="020" ind1="#" ind2="#">
      <subfield code="a">9789794932308</subfield>
    </datafield>
    <datafield tag="082" ind1="#" ind2="#">
      <subfield code="a">307.72</subfield>
    </datafield>
    <datafield tag="084" ind1="#" ind2="#">
      <subfield code="a">307.72 GUR p</subfield>
    </datafield>
    <datafield tag="245" ind1="1" ind2="#">
      <subfield code="a">Pembangunan Perdesaan dalam Rangka Peningkatan Kesejahteraan Masyarakat /</subfield>
      <subfield code="c">M. A. Chozin (Penyunting)</subfield>
    </datafield>
    <datafield tag="260" ind1="#" ind2="#">
      <subfield code="a">Bogor :</subfield>
      <subfield code="b">IPB Press,</subfield>
      <subfield code="c">2010</subfield>
    </datafield>
    <datafield tag="300" ind1="#" ind2="#">
      <subfield code="a">538 hlm :</subfield>
      <subfield code="b">- ;</subfield>
      <subfield code="c">24 cm</subfield>
      <subfield code="e">-</subfield>
    </datafield>
    <datafield tag="650" ind1="#" ind2="4">
      <subfield code="a">Pembangunan</subfield>
    </datafield>
    <datafield tag="110" ind1=" " ind2="#">
      <subfield code="a">Guru Besar PT BHMN</subfield>
    </datafield>
    <datafield tag="520" ind1="#" ind2="#">
      <subfield code="a">Tulisan ini merupakan kontribusi nyata pemikiran aktual para guru besar dari PT BHMN (IPB, UI, UGM, ITB, UPI, dan USU) tentang pembangunan perdesaan, yang pertama merupakan manifestasi peran aktif perguruan tinggi dalam tiga aspek</subfield>
    </datafield>
    <datafield tag="990" ind1="#" ind2="#">
      <subfield code="a">B-2020-00086</subfield>
    </datafield>
    <datafield tag="990" ind1="#" ind2="#">
      <subfield code="a">B-2020-00085</subfield>
    </datafield>
  </record>
</collection>
